000 03111nam0a2200409 4500
001 RU\NLR\bibl\2061610
005 20260406003747.0
010 _a978-5-86341-386-0
_9150
021 _aRU
_b2013-54222
_93758
035 _a(nilc)RuMoRGB-006609912
035 _a(NLR Aleph) 002048333
090 _a4629412
_c4629412
100 _a20130715d2013 |||y0rusy50 ca
101 0 _arus
102 _aRU
105 _ay |||||||||
200 1 _aПравила производства и контроля качества лекарственных средств для животных в системе GMP
_eучебно-методическое пособие
_fГаврилов В.А., Тихоно И.В., Волков М.Ю., Смирнова Е.А.
_gМ-во сел. хоз-ва Рос. Федерации, Федер. гос. бюджет. образоват. учреждение высш. проф. образования "Моск. гос. акад. вет. медицины и биотехологии им. К.И. Скрябина", Каф. биотехнологии
210 _aМосква
_cИздательско-полиграфический отдел ФГБОУ ВПО МГАВМиБ
_d2013
_eМосква
_gМГАВМиБ
215 _a48, [1] с.
_d21
300 _aНа обл. загл.: Правила производства и контроля качества лекарственных средств для животных в системе GMP ("Good Manufacturing Practice")
512 0 _aПравила производства и контроля качества лекарственных средств для животных в системе GMP ("Good Manufacturing Practice")
606 1 _aВетеринарные препараты
_jУчебно-методические пособия для высших учебных заведений
_xКачество
_xКонтроль
_92176913
_3RU\NLR\AUTH\6601545210
606 1 _aВетеринарные препараты
_jУчебно-методические пособия для высших учебных заведений
_xПроизводство
_92176910
_3RU\NLR\AUTH\6601545209
686 1 _aЛ669я73-1
701 1 _4070
_aГаврилов
_bВ. А.
_cд-р вет. наук
_f1944-
_gВладимир Андреевич
_9129895
_3RU\NLR\AUTH\770129926
701 1 _4070
_8rus
_7ca
_aТихонов
_bИ. В.
_cд-р биол. наук
_gИгорь Владимирович
_3RU\NLR\AUTH\7738327
_921311
701 1 _4070
_aВолков
_bМ. Ю.
_cд-р биол. наук
_gМихаил Юрьевич
_9129897
_3RU\NLR\AUTH\770129928
701 1 _4070
_8rus
_7ca
_aСмирнова
_bЕ. А.
_cканд. биол. наук, биотехнология
_gЕкатерина Александровна
_3RU\NLR\AUTH\77113284
_996209
801 0 _aRU
_bRuMoRKP
_c20130715
_gRCR
801 2 _aRU
_bРГБ
_c20130724
_grcr
801 1 _aRU
_bRuMoRKP
_c20130715
_2rusmarc
801 2 _aRU
_bNLR
_c20130809
_grcr
942 _cBOOK
980 _aNBR
980 _aNB